Dominion Art Quiz #1 - Statistics

General Stats
  • This quiz has been taken 49 times
    29 since last reset
  • The average score is 319 of 417
Answer Stats
Picture Answer % Correct
Artisan
100%
Catapult
100%
Courtier
100%
Leprechaun
100%
Potion
100%
Squire
100%
Swindler
100%
Vampire
100%
Advisor
95%
Apothecary
95%
City
95%
Daimyo
95%
Delusion|Deluded
95%
Druid
95%
Expand
95%
Gold
95%
Golem
95%
Grand Market
95%
Haunted Mirror
95%
Hero
95%
Horn of Plenty
95%
Horse
95%
Idol
95%
Laboratory
95%
Margrave
95%
Mastermind
95%
Mining Village
95%
Moneylender
95%
Monument
95%
Navigator
95%
Oasis
95%
Paddock
95%
Peasant
95%
Pirate Ship
95%
Pouch
95%
Raze
95%
Rebuild
95%
Sack of Loot
95%
Scout
95%
Shanty Town
95%
Smugglers
95%
Storyteller
95%
Way of the Chameleon
95%
Aqueduct
90%
Artist
90%
Bauble
90%
Black Market
90%
Chancellor
90%
Cobbler
90%
Council Room
90%
Coven
90%
Crew
90%
Destrier
90%
Disciple
90%
Ducat
90%
Elder
90%
Estate
90%
Fool
90%
Forager
90%
Fugitive
90%
Goatherd
90%
Gold Mine
90%
Hoard
90%
Innkeeper
90%
Lackeys
90%
Lich
90%
Lighthouse
90%
Lurker
90%
Madman
90%
Maroon
90%
Merchant
90%
Merchant Guild
90%
Messenger
90%
Mint
90%
Mountain Shrine
90%
Patrician
90%
Peddler
90%
Philosopher's Stone
90%
Poacher
90%
Poet
90%
Port
90%
Raider
90%
Rice
90%
Rocks
90%
Royal Carriage
90%
Salt the Earth
90%
Sextant
90%
Silver Mine
90%
Soldier
90%
Sorcerer
90%
Specialist
90%
Taxman
90%
Town Crier
90%
Villain
90%
Wayfarer
90%
Way of the Otter
90%
Way of the Seal
90%
Wharf
90%
Wild Hunt
90%
Will-o'-Wisp
90%
Wolf Den
90%
Altar
85%
Bank
85%
Border Guard
85%
Border Village
85%
Chapel
85%
Church
85%
Dame Anna
85%
Demand
85%
Divine Wind
85%
Faithful Hound
85%
Gamble
85%
Ghost
85%
Hermit
85%
Inn
85%
Key
85%
Maelstrom
85%
Necromancer
85%
Orb
85%
Outpost
85%
Pilgrim
85%
Relic
85%
Ride
85%
Ronin
85%
Rope
85%
Saboteur
85%
Samurai
85%
Seaway
85%
Shield
85%
Silos
85%
Stables
85%
Staff
85%
Throne Room
85%
Tormentor
85%
Treasure Trove
85%
Trusty Steed
85%
Village
85%
Wall
85%
Warlord
85%
Warrior
85%
Way of the Owl
85%
Way of the Rat
85%
Wish
85%
Apprentice
80%
Bad Omens
80%
Ball
80%
Cage
80%
Camel Train
80%
Capital
80%
Capital City
80%
Cardinal
80%
Catacombs
80%
Cathedral
80%
Cemetery
80%
Changeling
80%
Crop Rotation
80%
Defiled Shrine
80%
Diplomat
80%
Duchy
80%
Endless Chalice
80%
Fear
80%
Flag
80%
Guard Dog
80%
Haunted Castle
80%
Haven
80%
Inheritance
80%
Inventor
80%
Jack of All Trades
80%
Jester
80%
Litter
80%
Lookout
80%
Masterpiece
80%
Minion
80%
Moat
80%
Monkey
80%
Night Watchman
80%
Nobles
80%
Puzzle Box
80%
Rats
80%
Reap
80%
Renown
80%
Shepherd
80%
Siren
80%
Student
80%
Tanuki
80%
Taskmaster
80%
Tireless
80%
Town
80%
Tragic Hero
80%
Treasure Hunter
80%
Treasurer
80%
Tunnel
80%
Watchtower
80%
Wedding
80%
Academy
75%
Alms
75%
Animal Fair
75%
Bandit Camp
75%
Band of Nomads
75%
Banish
75%
Barracks
75%
Baths
75%
Battlefield
75%
Black Cat
75%
Bureaucrat
75%
Butcher
75%
Cabin Boy
75%
Charm
75%
Conclave
75%
Conjurer
75%
Counterfeit
75%
Courtyard
75%
Crumbling Castle
75%
Cultist
75%
Cutpurse
75%
Doctor
75%
Duchess
75%
Duplicate
75%
Enlightenment
75%
Explorer
75%
Fleet
75%
Fool's Gold
75%
Frigate
75%
Goat
75%
Harem
75%
Harvest
75%
Highway
75%
Hireling
75%
Improve
75%
Ironmonger
75%
Landing Party
75%
Marquis
75%
Menagerie
75%
Mercenary
75%
Mystic
75%
Native Village
75%
Page
75%
Pathfinding
75%
Pixie
75%
Plaza
75%
Practice
75%
Prize Goat
75%
Rabble
75%
Remodel
75%
Ruined Market
75%
Sculptor
75%
Sewers
75%
Sheepdog
75%
Shop
75%
Skulk
75%
Spice Merchant
75%
Spices
75%
Sunken Treasure
75%
Tracker
75%
Travelling Fair
75%
Triumphal Arch
75%
Urchin
75%
Village Green
75%
Way of the Camel
75%
Way of the Mole
75%
Way of the Mouse
75%
Woodcutter
75%
Workshop
75%
Alliance
70%
Aristocrat
70%
Barge
70%
Bishop
70%
Blessed Village
70%
Bustling Village
70%
Caravan Guard
70%
Change
70%
Colonnade
70%
Delve
70%
Dismantle
70%
Displace
70%
Enchantress
70%
Envoy
70%
Envy|Envious
70%
Expedition
70%
Falconer
70%
Figurine
70%
Flag Bearer
70%
Forum
70%
Friendly
70%
Gear
70%
Gondola
70%
Harbor Village
70%
Harsh Winter
70%
Hideout
70%
Hostelry
70%
Housecarl
70%
Infirmary
70%
Ironworks
70%
Jewels
70%
Keep
70%
Kind Emperor
70%
Lost Arts
70%
Magnate
70%
Mandarin
70%
Mountain Pass
70%
Mountebank
70%
Overgrown Estate
70%
Pageant
70%
Patrol
70%
Pawn
70%
Peaceful Cult
70%
Plan
70%
Platinum
70%
Province
70%
Raid
70%
Sailor
70%
Search
70%
Sea Trade
70%
Sir Martin
70%
Spoils
70%
Survivors
70%
Tactician
70%
Tax
70%
Voyage
70%
Way of the Horse
70%
Worker's Village
70%
Advance
65%
Archive
65%
Banquet
65%
Bargain
65%
Biding Time
65%
Colony
65%
Dame Molly
65%
Desperation
65%
Dungeon
65%
Encampment
65%
Enclave
65%
Farm
65%
Farrier
65%
Ferry
65%
Footpad
65%
Ghost Town
65%
Great Leader
65%
Grotto
65%
Hunting Lodge
65%
Hunting Party
65%
Market Square
65%
Miller
65%
Pursue
65%
Ranger
65%
Scrap
65%
Sorceress
65%
Star Chart
65%
Storeroom
65%
The Forest's Gift
65%
The River's Gift
65%
Trader
65%
Tribute
65%
War
65%
Windfall
65%
Bandit Fort
60%
Basilica
60%
Collection
60%
Conquest
60%
Counting House
60%
Crucible
60%
Cursed
60%
Deliver
60%
Demesne
60%
Distant Shore
60%
Great Hall
60%
Invasion
60%
King's Castle
60%
Longship
60%
Mission
60%
Modify
60%
Museum
60%
Patron
60%
Piazza
60%
Pious
60%
Plunder
60%
Prepare
60%
Research
60%
Root Cellar
60%
Scrounge
60%
Sea Chart
60%
Sir Destry
60%
Sir Vander
60%
Spell Scroll
60%
Swap
60%
Transport
60%
Zombie Spy
60%
Asceticism
55%
Gather
55%
Investment
55%
League of Bankers
55%
March
55%
Nearby
55%
Palace
55%
Sprawling Castle
55%
Stash
55%
Zombie Mason
55%
Amass
50%
Cargo Ship
50%
Coastal Haven
50%
Credit
50%
Enhance
50%
Enlarge
50%
Importer
50%
Jewelled Egg
50%
Peril
50%
Poverty
50%
Shy
50%
Territory
50%
The Earth's Gift
50%
Trappers' Lodge
50%
Architects' Guild
45%
Family of Inventors
45%
Obelisk
45%
Plateau Shepherds
45%
Mountain Folk
40%
Crafters' Guild
35%
No matching quizzes found
Score Distribution
Percent of People with Each Score
Percentile by Number Answered
Your Score History
You have not taken this quiz since the last reset